Anne Rice Novels Quiz Stats

 Plays Quiz Updated Oct 31, 2021

     
Support Sporcle.
Go Orange.
Score 0/36 Timer 07:00
1 Play Today
Year Title % Correct
1976Interview With The Vampire
96%
1985The Vampire Lestat
81.3%
1988The Queen of the Damned
77.3%
1998The Vampire Armand
46.7%
1990The Witching Hour
40.5%
1995Memnoch The Devil
40.2%
1992The Tale of the Body Thief
39.7%
1998Pandora
38.2%
2014Prince Lestat
36.4%
1994Taltos
34%
1993Lasher
33%
2001Blood and Gold
31.3%
1989The Mummy
28.5%
1997Violin
28.3%
2002Blackwood Farm
28%
2000Merrick
26.4%
2012The Wolf Gift
24.9%
2003Blood Canticle
23.5%
Year Title % Correct
2016Prince Lestat and the Realms of Atlantis
23%
2013The Wolves of Midwinter
22.5%
1999Vittorio the Vampire
22.3%
1985Beauty's Release
21.4%
1982Cry to Heaven
21.4%
1979The Feast of All Saints
20.5%
2018Blood Communion: A Tale of Prince Lestat
20.3%
1984Beauty's Punishment
19.1%
1983The Claiming of Sleeping Beauty
18.8%
1985Exit to Eden
18.5%
2017Ramses the Damned: The Passion of Cleopatra
18.4%
2015Beauty's Kingdom
17.9%
1996Servant of the Bones
17.6%
1986Belinda
17%
2005Christ the Lord: Out of Egypt
15.4%
2008Christ the Lord: The Road to Cana
10.9%
2009Angel Time
4.3%
2010Of Love and Evil
3.3%

From the Vault

Bible Books: One Letter Off

by El_Dandy

Some of these new book names sound like they'd be pretty interesting reads.
Remove Ads.
Support Sporcle.
Get the best of Sporcle when you Go Orange. This ad-free experience offers more features, more stats, and more fun while also helping to support Sporcle. Thank you for becoming a member.

Show Comments

Extras

Top Quizzes Today


Score Distribution

Your Account Isn't Verified!

In order to create a playlist on Sporcle, you need to verify the email address you used during registration. Go to your Sporcle Settings to finish the process.

Report this User

Report this user for behavior that violates our Community Guidelines.

Details: